Adaptive moving mesh methods

Uloženo v:
Podrobná bibliografie
Hlavní autoři: Huang, Weizhang (Autor), Russell, Robert D (Autor)
Médium: Kniha
Jazyk:angličtina
Vydáno: Lawrence Springer 2011
Vydání:1a. ed
Edice:Applied Mathematical Sciences, 174
Témata:
Tagy: Přidat tag
Žádné tagy, Buďte první, kdo vytvoří štítek k tomuto záznamu!

MARC

LEADER 00000cam a2200000 a 4500
001 UCD3212
003 CL-VaPUC
008 160526e20110000us |||||||||||||||||eng|d
020 |a 9781441979155 
082 0 4 |a 515.353  |b HUA  |2 21 
100 0 |a Huang, Weizhang  |e author  |9 586571 
700 0 |a Russell, Robert D  |e author  |9 586572 
245 1 0 |a Adaptive moving mesh methods 
250 |a 1a. ed 
300 |a 432 p 
942 |c BK 
945 |d 20160526 21:26:00  |a arojas 
260 |a Lawrence  |b Springer  |c 2011 
650 0 |a Ecuaciones diferenciales parciales   |9 269889 
650 0 |a Soluciones numéricas   |9 379941 
583 |a last modification  |c 20160526 21:26:00  |k Rodrigo Vera 
490 0 |a Applied Mathematical Sciences, 174 
999 |c 364249  |d 364247 
952 |0 0  |1 0  |3 erd  |4 0  |6 515_353000000000000_HUA_2011  |7 0  |8 A  |9 477228  |a BIBMAT  |b BIBMAT  |i 5288029  |o 515.353 HUA 2011  |p 5288029  |r 2025-01-07  |w 2019-11-24  |y BK  |z Catalogado en:20160526  |k MAT